书目信息 |
| 题名: |
基层组织空间实践与社区治理
|
|
| 作者: | 刘迟 著 | |
| 分册: | ||
| 出版信息: | 北京 社会科学文献出版社 2021 |
|
| 页数: | 186页 | |
| 开本: | 21cm | |
| 丛书名: | ||
| 单 册: | ||
| 中图分类: | C916.2 | |
| 科图分类: | ||
| 主题词: | 社区管理--she qu guan li--社会组织管理--研究 | |
| 电子资源: | ||
| ISBN: | 978-7-5201-7929-4 | |
| 000 | 01340nam0 2200253 450 | |
| 001 | 2160530974 | |
| 005 | 20210926145328.0 | |
| 010 | @a978-7-5201-7929-4@dCNY79.00 | |
| 100 | @a20210514d2021 em y0chiy0120 ea | |
| 101 | 0 | @achi |
| 102 | @aCN@b110000 | |
| 105 | @ay z 000yy | |
| 106 | @ar | |
| 200 | 1 | @a基层组织空间实践与社区治理@Aji ceng zu zhi kong jian shi jian yu she qu zhi li@dSpace practice of grassroots organizations and community governance@f刘迟著@zeng |
| 210 | @a北京@c社会科学文献出版社@d2021 | |
| 215 | @a186页@d21cm | |
| 300 | @a马克思主义社会学与新时代社会治理研究 “新型城镇化过程中基层社会组织权威变迁与社会治理机制创新研究”的成果 | |
| 330 | @a本书引入空间社会学理论,基于物理空间、社会空间、心理空间和网络空间四个向度,展示了三个社区的基层组织变迁和不同社区中的居民体验,并对新型城镇化过程中转型社区的基层组织实践及其推进社区治理的关系逻辑进行了研究,提出了建构党建引领下的多元整合协同的社会治理创新机制,从而实现政府、各类基层组织、市场与社会力量的优化协作,以及多元主体资源共享与整合的创新实践,以促进社区治理目标最佳状态的达成。 | |
| 510 | 1 | @aSpace practice of grassroots organizations and community governance@zeng |
| 606 | 0 | @a社区管理@Ashe qu guan li@x社会组织管理@x研究 |
| 690 | @aC916.2@v5 | |
| 701 | 0 | @a刘迟@Aliu chi@4著 |
| 801 | 0 | @aCN@b百万庄@c20210926 |
| 905 | @b1301111-14@dC916.2@e1771@f4 | |
| 基层组织空间实践与社区治理=Space practice of grassroots organizations and community governance/刘迟著.-北京:社会科学文献出版社,2021 |
| 186页;21cm |
| 马克思主义社会学与新时代社会治理研究 “新型城镇化过程中基层社会组织权威变迁与社会治理机制创新研究”的成果 |
| ISBN 978-7-5201-7929-4:CNY79.00 |
| 本书引入空间社会学理论,基于物理空间、社会空间、心理空间和网络空间四个向度,展示了三个社区的基层组织变迁和不同社区中的居民体验,并对新型城镇化过程中转型社区的基层组织实践及其推进社区治理的关系逻辑进行了研究,提出了建构党建引领下的多元整合协同的社会治理创新机制,从而实现政府、各类基层组织、市场与社会力量的优化协作,以及多元主体资源共享与整合的创新实践,以促进社区治理目标最佳状态的达成。 |
| ● |
| 相关链接 |
|
|
|
|
正题名:基层组织空间实践与社区治理
索取号:C916.2/1771
 
预约/预借
| 序号 | 登录号 | 条形码 | 馆藏地/架位号 | 状态 | 备注 |
| 1 | 1301111 | 213011113 | 第一样本阅览室/ [索取号:C916.2/1771] | 在馆 | |
| 2 | 1301112 | 213011122 | 第一借阅区/ [索取号:C916.2/1771] | 在馆 | |
| 3 | 1301113 | 213011131 | 第一借阅区/ [索取号:C916.2/1771] | 在馆 | |
| 4 | 1301114 | 213011140 | 第一借阅区/ [索取号:C916.2/1771] | 在馆 |